00403nam a2200157Ia 4500008004100000040001900041041001200060082003000072100001700102245003200119260002700151300001700178650001400195651001500209850002100224131103s9999 xx 000 0 und d aLoreto College aEnglish a370.15/SULbLCLIB(press)/ aSully, James 4aThe human mindcJames Sully aLondonbLongmansc1892 aV.2 c 22cm. aEducation aHuman mind aLCLIB/370.15/SUL